Psychologické aspekty možností moderných komunikačných zariadení versus ich reálne využitie v praxi

Súčasné postoje ľudí v spoločnosti, ich názory na moderné komunikačné zariadenia a najnovšie aplikácie. Autori sa zameriavajú na poznanie a využitie bankových aplikácií, ktoré zažívajú v súčasnosti najinovatívnejšie pokusy o zmeny. Ovplyvňujú každého z nás, preto je dôležité si objasniť základné poj...

Full description

Saved in:
Bibliographic Details
Main Author: Ácsová, Timea
Other Authors: Pólya, Attila
Format: Book Chapter
Language:Slovak
Subjects:
Tags: Add Tag
No Tags, Be the first to tag this record!

MARC

LEADER 00000nla a2200000 4500
001 0195691
005 20240502073303.6
041 0 |a slo 
044 |a SK 
245 1 0 |a Psychologické aspekty možností moderných komunikačných zariadení versus ich reálne využitie v praxi  |c Timea Ácsová, Attila Pólya 
520 |a Súčasné postoje ľudí v spoločnosti, ich názory na moderné komunikačné zariadenia a najnovšie aplikácie. Autori sa zameriavajú na poznanie a využitie bankových aplikácií, ktoré zažívajú v súčasnosti najinovatívnejšie pokusy o zmeny. Ovplyvňujú každého z nás, preto je dôležité si objasniť základné pojmy a spôsob ich fungovania. Ich perspektívy sú veľmi sľubné. Orientujú sa na užívateľské rozhranie komunikačných zariadení a na nimi spojené aplikácie a funkcie. Výsledky dotazníkového prieskumu. 
610 2 0 |a komunikácia 
610 2 0 |a komunikácia elektronická 
610 2 0 |a internet 
610 2 0 |a internetbanking 
610 2 0 |a telefón mobilný 
610 2 0 |a dotazníky 
100 1 |a Ácsová, Timea 
700 1 |a Pólya, Attila